000 00376nam a2200169Ia 4500
100 _aWang/Paul S/ Katila/S.S
650 _aweb design
942 _cBK
366 _f25
654 _aweb design
245 _aIntroduction to Web design+programming
260 _bMacmillan
_c2011
082 _a4.65
_bWAN
300 _a572
546 _aENGLISH
_celectronics
999 _c32013
_d32013